Best European Football Clubs - Statistics

General Stats
  • This quiz has been taken 51 times
  • The average score is 13 of 20
Answer Stats
Hint Answer % Correct
France PSG
100%
Spain Real Madrid
100%
Portugal Porto
98%
Germany Bayern
95%
Netherlands Ajax
93%
Italy Juventus
80%
England Liverpool
77%
Scotland Celtic
73%
Russia CSKA
61%
Belgium Anderlecht
57%
Greece Olympiacos
55%
Poland Legia
52%
Serbia Red Star
52%
Switzerland Basel
50%
Denmark Copenhagen
48%
Ukraine Dinamo Kiev
48%
Croatia Dinamo Zagreb
48%
Austria Rapid
43%
Norway Rosenborg
16%
Sweden Malmö FF
7%
No matching quizzes found
Score Distribution
Percent of People with Each Score
Percentile by Number Answered
Your Score History
You have not taken this quiz